000 00464pab a2200169 454500
008 180718b2017 xxu||||| |||| 00| 0 eng d
100 _aThomsen, Danielle M.
245 _aWhich women can run? gender, partisanship, and candidate donor networks
260 _c2017
300 _ap.449-463.
362 _aJun
650 _aElections
650 _aWomen in politics
700 _aSwers, Michele L.
773 _aPolitical Research Quarterly
909 _a115856
999 _c115850
_d115850